LEADER 00889nam a2200205 i 4500 001 000000221250 003 CaOOAMICUS 005 20130701000000.0 008 130701s1775 xx u000 u fre u 013 $a200147 026 $aeson s.i- stes foRa (3) 1775 (R) 040 $aSeMil$bita 245 10$aTome 7. 300 $a[4], 26, [2], 428, [4] p. 500 $aSegn. : a-b8 A-2D8. 773 0 $tCours d'étude pour l'instruction du prince de Parme, aujourd'hui S.A.R. l'infant d. Ferdinand, duc de Parme, Plaisance, Guastalle ... Par M. l'abbé de Condillac. Tome 1. [-16.].$dA Parme : Imprimerie Royale, 1775.$g7$w()24615 773 0 $tIntroduc. à l'étude de l'histoire ancienne.$dA Parme : Imprimerie Royale, 1775.$w()27548 850 $aSeMil 852 $aSeMil$W1$xVenegono$y1$m2P II 24 FA$j171601$B171601$CSeMilBibl$Z2$F181925 $8I 996 $6245$aTome 7$9(OLS)http://semarc/title/1606 LEADER 01203nam a2200277 i 4500 001 000000050882 003 CaOOAMICUS 005 19961115000000.0 008 961115s1985 fr u000 u mul u 013 $a22053 020 $a2-204-02509-7 040 $aSeMil$bita 100 0 $aGuillaume : de Saint-Thierry,$d.$0(OLS)http://semarc/name/89163 245 10$aOraisons méditatives /$cGuillaume de Saint-Thierry ; introduction, texte latin et traduction de Jacques Hourlier. 260 $aParis :$bLes Éditions du Cerf,$c1985. 490 0 $aSources Chrétiennes ;$vN°324 700 1 $aHourlier, Jacques .$0(OLS)http://semarc/name/90623 830 0$aSources chrétiennes ;$vN°324.$0(OLS)http://semarc/title/72 850 $aSeMil 852 $aSeMil$W1$xVenegono$y1$mSL1.T VI 324$j17037$B17037$CSeMilBibl$Z2$F17037 $8I 900 0 $aGuglielmo : di Saint-Thierry. 961 $aSottoscrizione: Cerf (Éditions) 996 $6020$a2-204-02509-7$9(OLS)http://semarc/number/24816 996 $6245$aOraisons méditatives$9(OLS)http://semarc/title/77769 996 $6260$aParis :$bLes Éditions du Cerf$9(OLS)http://semarc/publisher/29611